LA EQUIDAD EN LA UNIVERSIDAD : (Registro nro. 53556)
[ vista simple ]
| 000 -LEADER | |
|---|---|
| fixed length control field | 01131nam a2200193 a 4500 |
| 001 - CONTROL NUMBER | |
| control field | 53556 |
| 005 - DATE AND TIME OF LATEST TRANSACTION | |
| control field | 20180714043848.0 |
| 008 - FIXED-LENGTH DATA ELEMENTS--GENERAL INFORMATION | |
| fixed length control field | 140415s2009 mx 000 0 spa d |
| 020 ## - INTERNATIONAL STANDARD BOOK NUMBER | |
| International Standard Book Number | 9786074510065 |
| 041 ## - LANGUAGE CODE | |
| Language code of text/sound track or separate title | spa |
| 082 ## - DEWEY DECIMAL CLASSIFICATION NUMBER | |
| Classification number | 378.372 |
| Item number | MIL |
| 100 1# - MAIN ENTRY--PERSONAL NAME | |
| Personal name | MILLER FLORES, DINORAH |
| 245 13 - TITLE STATEMENT | |
| Title | LA EQUIDAD EN LA UNIVERSIDAD : |
| Remainder of title | EL PROGRAMA NACIONAL DE BECAS (PRONABES) Y LA CONDICION DE JUVENTUD DE LOS ESTUDIANTES UNA MIRADA DESDE LA UNAM |
| 250 ## - EDITION STATEMENT | |
| Edition statement | 1a ed. |
| 260 ## - PUBLICATION, DISTRIBUTION, ETC. | |
| Place of publication, distribution, etc. | MEXICO : |
| Name of publisher, distributor, etc. | ANUIES, |
| Date of publication, distribution, etc. | 2009 |
| 300 ## - PHYSICAL DESCRIPTION | |
| Extent | 230 |
| Dimensions | 16.6 x 1.3 x 23 |
| 520 ## - SUMMARY, ETC. | |
| Summary, etc. | EL PROGRAMA NACIONAL DE EDUCACION 2001-2006 IMPULSO LA CREACION DEL PROGRAMA NACIONAL DE BECAS (PRONABES) PARA BENEFICIAR DIRECTAMENTE, Y NO A TRAVES DE LAS INSTITUCIONES, A LOS ESTUDIANTES UNIVERSITARIOS, RECUPERANDO A LA EQUIDAD COMO UNO DE SUS GRANDES EJES. ESTE TRABAJO ANALIZA LA DISTRIBUCION DE OPORTUNIDADES EDUCATIVAS Y LOS INSTRUMENTOS PUBLICOS PARA ATENDERLA, COMPARANDO ADEMAS LAS TRAYECTORIAS ESCOLARES DE LOS ESTUDIANTES DE LA UNIVERSIDAD AUTONOMA METROPOLITANA. |
| 650 14 - SUBJECT ADDED ENTRY--TOPICAL TERM | |
| Topical term or geographic name entry element | IGUALDAD DE OPORTUNIDADES EN EDUCACION |
| General subdivision | BECAS |
| -- | UNIVERSIDADES |
| -- | MEXICO |
| Withdrawn status | Lost status | Source of classification or shelving scheme | Damaged status | Not for loan | Collection code | Home library | Current library | Shelving location | Date acquired | Source of acquisition | Inventory number | Total Checkouts | Full call number | Barcode | Date last seen | Date last checked out | Price effective from | Koha item type |
|---|---|---|---|---|---|---|---|---|---|---|---|---|---|---|---|---|---|---|
| Dewey Decimal Classification | General | Biblioteca Karol Wojtyla | Biblioteca Karol Wojtyla | Sala general | 03/12/2013 | Compra | 151000000000000000045431 | 378.372 MIL | 79733 | 05/01/2026 | 18/01/2018 | 03/12/2013 | Libro | |||||
| Dewey Decimal Classification | General | Biblioteca Karol Wojtyla | Biblioteca Karol Wojtyla | Sala general | 03/12/2013 | Compra | 151000000000000000045430 | 378.372 MIL | 79732 | 05/01/2026 | 03/12/2013 | Libro |